Statistiche per Immagini satellitari - Quiz n°1

Clicka qui per fare il quiz!

Statistiche generali

  • Questo quiz è stato fatto 1.812 volte
  • Il punteggio medio è 13 su 17

Statistiche sulle risposte

Risposta% Corretto
Italia
99%
Islanda
98%
Messico
98%
Australia
96%
Mar Nero
94%
Cipro
92%
Madagascar
88%
Danimarca
83%
Cuba
82%
Filippine
81%
Mar Rosso
80%
Michigan
66%
Himalaya
63%
Washington
58%
Mare Caraibico
56%
Bassa California
34%
San Francisco
28%

Distribuzione punteggi

Percentile per numero di risposta

Percentuale di utenti per punteggio

I tuoi punteggi nel tempo

Non hai fatto questo quiz